000 00775nam a2200229Ia 4500
001 16681
003 GE_BSU
008 181216s||||||||xx |||||||||||||| ||und||
040 _cGE_BSU
080 _a821.353.1-32
100 _aკლდიაშვილი, სერგო
245 _aდიდი სარკე ბავშვის ოთახში
245 _bმოთხრობები
245 _cრედ.ლ.ერისთავი.მხ.ლ.შენგელია
260 _aთბილისი
260 _bნაკადული
260 _c1968
300 _a419გვ. ; 21სმ
653 _aდიდი სარკე ბავშვის ოთახში
653 _aმოთხრობები
942 _cBK
999 _c49746
_d49746